UBT Library

Medical law and ethics / (Record no. 42693)

000 -LEADER
fixed length control field 00761cam a2200253 a 4500
001 - CONTROL NUMBER
control field 15006967
005 - DATE AND TIME OF LATEST TRANSACTION
control field 20180215090510.0
008 - FIXED-LENGTH DATA ELEMENTS--GENERAL INFORMATION
fixed length control field 070914s2009 njua b 001 0 eng
010 ## - LIBRARY OF CONGRESS CONTROL NUMBER
LC control number 2007037829
020 ## - INTERNATIONAL STANDARD BOOK NUMBER
International Standard Book Number 9780135129043
020 ## - INTERNATIONAL STANDARD BOOK NUMBER
International Standard Book Number 0135129044
040 ## - CATALOGING SOURCE
Original cataloging agency DLC
Transcribing agency DLC
Modifying agency DLC
041 ## - LANGUAGE CODE
Language code of text/sound track or separate title eng
043 ## - GEOGRAPHIC AREA CODE
Geographic area code n-us---
080 ## - UNIVERSAL DECIMAL CLASSIFICATION NUMBER
Universal Decimal Classification number 344.73041 FRE
082 00 - DEWEY DECIMAL CLASSIFICATION NUMBER
Classification number 344.73041 FRE
Edition number 22
100 1# - Rafti
Rafti 14
101 ## - Shkurtesa
Shkurtesa JUR
245 10 - TITLE STATEMENT
Title Medical law and ethics /
Statement of responsibility, etc Bonnie F. Fremgen.
504 ## - BIBLIOGRAPHY, ETC. NOTE
Bibliography, etc Includes bibliographical references and index.
906 ## - LOCAL DATA ELEMENT F, LDF (RLIN)
a 7
b cbc
c orignew
d 1
e ecip
f 20
g y-gencatlg
942 ## - ADDED ENTRY ELEMENTS (KOHA)
Source of classification or shelving scheme
Item type Books
Holdings
Withdrawn status Lost status Source of classification or shelving scheme Damaged status Not for loan Collection code Permanent location Current location Shelving location Date acquired Total Checkouts Full call number Barcode Date last seen Price effective from Koha item type
          Koleksioni i përgjithshem UBT - Lipjan UBT - Lipjan Koleksioni i lëndeve mesimore 02/15/2018   344.73041 FRE 002-2998809 02/15/2018 02/15/2018 Books
          Koleksioni i përgjithshem UBT - Lipjan UBT - Lipjan Koleksioni i lëndeve mesimore 02/15/2018   344.73041 FRE 002-2998804 02/15/2018 02/15/2018 Books
UBT Library © 2015-2024. All rights reserved University Education for Business and Technology